| 000 | 00000nam##2200000za#4500 |
| 001 | 9.643108 |
| 003 | CaOODSP |
| 005 | 20210624224021 |
| 007 | cr ||||||||||| |
| 008 | 150407|2001||||xxc|||||o f|0| 0 fre|d |
| 040 | |aCaOODSP|bfre |
| 043 | |an-cn--- |
| 086 | 1 |aEn14-160/2001F-PDF |
| 110 | 1 |aCanada. |bEnvironnement Canada. |
| 245 | 10|aProtocoles du Réseau d'évaluation et de surveillance écologiques (RESE) pour mesurer la biodiversité : |h[ressource électronique]|bparasites des amphibiens et des reptiles / |cpar Timothy M. Goater et Cameron P. Goater. |
| 260 | |aOttawa - Ontario : |bEnvironnement Canada |c[2001]. |
| 300 | |a61p.|bréférences |
| 590 | |a14-21-Supp|b2014-12-11 |
| 691 | 07|aParasite|2gcpds |
| 691 | 07|aReptile|2gcpds |
| 775 | 08|tEcological Monitoring and Assessment Network (EMAN) protocols for measuring biodiversity : |w(CaOODSP)9.699066 |
| 856 | 40|ahttp://publications.gc.ca|qPDF|s130 Ko|uhttps://publications.gc.ca/collections/collection_2014/ec/En14-160-2001-fra.pdf |